Gustavo Gutiérrez.

Saved in:
Bibliographic Details
Main Author: Libanio, João Batista (autor)
Format: Book
Language:English
Published: Madrid, España: San Pablo, 2006.
Subjects:
Tags: Add Tag
No Tags, Be the first to tag this record!

MARC

LEADER 00000nam a22000007a 4500
003 CL-VaPUC
005 20230822111205.0
008 230818t2006 ||||| |||| 00| 0 eng d
999 |c 441597  |d 441595 
020 |a 84-285-2898-5  
040 |c Pontificia Universidad Católica de Valparaíso 
082 |2 22  |a 230.0464 BAT 2006 
100 |9 579732  |a Libanio, João Batista  |e autor 
245 |a Gustavo Gutiérrez.  
260 |a Madrid, España:   |b San Pablo,   |c 2006. 
300 |a 111 páginas. 
500 |a c.1 Donación Sr. Jorge Precht Pizarro. 26-05-23. Biblioteca Teología.  
583 |c 20230818  |k Yessy Sthefany Diaz Vidal 
600 0 |9 480704  |a Gutiérrez Merino, Gustavo  |x Filósofo y teólogo peruano   |v Crítica e interpretación  
650 0 |9 255471  |a Teología de la liberación   |v Análisis crítico  
942 |2 ddc  |c BK 
952 |0 0  |1 0  |2 ddc  |4 0  |6 230_046400000000000_BAT_2006  |7 0  |8 A  |9 591288  |a BIBTEO  |b BIBTEO  |c GEN  |d 2023-08-18  |e Donación  |i 5658445  |o 230.0464 BAT 2006  |p 5658445  |r 2025-01-17  |t 1  |w 2023-08-18  |y BK  |k ICR